000 00492nam a2200181Ia 4500
005 20250508152117.0
008 008 250505s9999 xx 000 0 eng d
037 _aTextual
040 _aFEDL
_beng
_cFEDL
041 _aeng
_2eng
084 _a260, KUH
_qFEDL
100 _aKuhn Alvin Boyd
_9760781
245 0 _aShadow of the third century
260 _aMurray
_bStreet Akademi Press
_c1926
300 _axvi,525p.
942 _cTEXL
_h260, KUH
999 _c1334307
_d1334307